| 000 | 01561 a2200265 4500 | ||
|---|---|---|---|
| 001 | 36634 | ||
| 005 | 20260407155640.0 | ||
| 008 | 260407a2001 arg spa d | ||
| 003 | AR-UNSa-BCEJYS | ||
| 040 |
_aAR-UNSa-BCEJYS _bspa _cAR-UNSa-BCEJYS |
||
| 080 |
_a336.74 _xMoneda. Sistema monetario |
||
| 245 | 1 | 0 | _aPolítica de tasa de cambio en América Latina |
| 020 | _a950-694-645-0 | ||
| 264 | 1 |
_aBuenos Aires : _bGrupo Editor Latinoamericano _c2001 |
|
| 300 |
_a217 p. _c23 cm. |
||
| 505 | _a1. Introducción: debates, desempeño y la política de elegir políticas / Carol Wise - 2. Régimen y política de tasa de cambio: un panorama / W. Max Corden - 3. El colapso del peso mexicano: causas, consecuencias y retorno a una situación mejor / Timothy Kessler - 4. La crisis de la moneda brasileña: el paso de un anclaje de tasa de cambio a un régimen flexible / Eliana Cardoso - 5. La convertibilidad en la Argentina: ¿los lazos que obligan? / Carol Wise - 6. Estados rezagados en las reformas y la cuestión de la devaluación: la respuesta de Venezuela a las conmociones exógeneas de 1997-98 / Javier Corrales - 7. La política de manejo de la tasa de cambio en la década de 1990 / Riordan Roett | ||
| 041 | _aspa | ||
| 942 | _cBK | ||
| 590 | _aniveau_biblio:m niveau_hierar:0 | ||
| 100 | 1 | _aWise, Carol | |
| 700 | 1 | _aRoett, Riordan | |
| 700 | 1 | _aPiña, Cristina | |
| 700 | 1 | _aCarrier, Enrique | |
| 700 | 1 | _aArgentina. Ministerio de Relaciones Exteriores, Comercio Internacional y Culto. Instituto del Servicio Exterior de la Nación (ISEN) | |
| 999 |
_c2669 _d2669 |
||